Calculus : the language of change (Record no. 7566)

000 -LEADER
fixed length control field 01502 a2200205 4500
020 ## - INTERNATIONAL STANDARD BOOK NUMBER
International Standard Book Number 0763729477
040 ## - CATALOGING SOURCE
Original cataloging agency DLC
Language of cataloging DLC
082 ## - DEWEY DECIMAL CLASSIFICATION NUMBER
Classification number 515
100 1# - MAIN ENTRY--PERSONAL NAME
Personal name Cohen, David W.
245 10 - TITLE STATEMENT
Title Calculus : the language of change
Remainder of title the language of change
Statement of responsibility, etc. David W. Cohen and James M. Henle.
260 ## - PUBLICATION, DISTRIBUTION, ETC.
Place of publication, distribution, etc. Sudbury, Mass. :
Name of publisher, distributor, etc. Jones and Bartlett Publishers,
Date of publication, distribution, etc. c2005.
300 ## - PHYSICAL DESCRIPTION
Extent xvii, 988 p. :
Other physical details ill. (some col.) ;
Dimensions 29 cm.
500 ## - GENERAL NOTE
General note Includes index.
520 1# - SUMMARY, ETC.
Summary, etc. "Calculus: the Language of Change is an innovative new introductory textbook that blends traditional and reform approaches with a focus on understanding calculus as its own language. With accessible writing and presentation, the book allows students to gradually understand the language - first by reviewing vocabulary, and then quickly moving to present calculus conceptually, computationally, and theoretically. Within this framework, derivatives and integrals are developed side by side, coverage of theory is offered at various levels, and computing devices are incorporated generically. The text features seamless integration between chapters and numerous cross-disciplinary examples and applications, which gives instructors flexibility for shaping their course. A full range of student and instructor resources make Calculus: The Language of Change an outstanding course package."--BK JACKET.
650 #0 - SUBJECT ADDED ENTRY--TOPICAL TERM
Topical term or geographic name entry element Calculus
650 #0 - SUBJECT ADDED ENTRY--TOPICAL TERM
Topical term or geographic name entry element Fractional calculus.
650 #0 - SUBJECT ADDED ENTRY--TOPICAL TERM
Topical term or geographic name entry element Functions.
700 1# - ADDED ENTRY--PERSONAL NAME
Personal name Henle, James M.
942 ## - ADDED ENTRY ELEMENTS (KOHA)
Koha item type Book
Call number prefix 515 COH
Source of classification or shelving scheme
Holdings
Withdrawn status Lost status Damaged status Not for loan Collection code Permanent Location Current Location Shelving location Date acquired Source of acquisition Cost, normal purchase price Total Checkouts Full call number Barcode Date last seen Date last checked out Price effective from Koha item type
          Central Library (CL) Central Library (CL) General Stacks 06/15/2006 New Public Book 8366.95 1 515 COH SEECS007451 11/05/2019 09/16/2019 01/05/2017 Book
© 2023 Central Library, National University of Sciences and Technology. All Rights Reserved.